La France qui gagne : Les succès français (notice n° 2193566)
[ vue normale ]
| 000 -LEADER | |
|---|---|
| fixed length control field | 01508cam a2200145 4500500 |
| 005 - DATE AND TIME OF LATEST TRANSACTION | |
| control field | 20260405065133.0 |
| 041 ## - LANGUAGE CODE | |
| Language code of text/sound track or separate title | fre |
| 042 ## - AUTHENTICATION CODE | |
| Authentication code | dc |
| 100 10 - MAIN ENTRY--PERSONAL NAME | |
| Personal name | Jacquet, Nicolas |
| Relator term | author |
| 245 00 - TITLE STATEMENT | |
| Title | La France qui gagne : Les succès français |
| 260 ## - PUBLICATION, DISTRIBUTION, ETC. | |
| Name of publisher, distributor, etc. | Odile Jacob,<br/> |
| Date of publication, distribution, etc. | 2005.<br/> |
| 520 ## - SUMMARY, ETC. | |
| Summary, etc. | Et si la France avait aussi ses succès ? Un préalable : en finir avec l’idéologie du déclin et redécouvrir que c’est en partant d’eux que nous pourrons construire nos réformes. Réseaux de transports, production d’énergie, nouvelles technologies : nous sommes pionniers ! Stabilité des institutions et débat politique : les Français ne sont pas fatigués de la démocratie ! Tissu urbain, cohésion sociale, richesse de la culture : nous faisons mieux que beaucoup de nos voisins ! Dynamisme et compétitivité des entreprises : la France est en marche dans la mondialisation. Le pessimisme ambiant a ses chantres. La question mérite d’être posée : à qui profite le « déclinisme » ?Nicolas Jacquet, préfet, ancien élève de l’ENA, a été délégué à l’aménagement du territoire (Datar) et est aujourd’hui directeur général de la Chambre de commerce et d’industrie de Paris.Guéric Jacquet, ancien élève de l’ENS Cachan, agrégé d’économie et gestion, est chercheur à la Fondation pour l’innovation politique. |
| 700 10 - ADDED ENTRY--PERSONAL NAME | |
| Personal name | Jacquet, Guéric |
| Relator term | author |
| 856 41 - ELECTRONIC LOCATION AND ACCESS | |
| Uniform Resource Identifier | <a href="https://shs.cairn.info/la-france-qui-gagne--9782738116819?lang=fr&redirect-ssocas=7080">https://shs.cairn.info/la-france-qui-gagne--9782738116819?lang=fr&redirect-ssocas=7080</a> |
Pas d'exemplaire disponible.




Réseaux sociaux